LEADER 01002nam0-22003131i-450- 001 990005464700403321 005 20071022122335.0 010 $a0198880855 035 $a000546470 035 $aFED01000546470 035 $a(Aleph)000546470FED01 035 $a000546470 100 $a19990604d1972----km-y0itay50------ba 101 0 $aita 105 $ay-------001yy 200 1 $aPopulation, Economy, and Society in Pre-Industrial England$fJ.D. Chambers$gedited with a preface and introduction by W.A. Armstrong 210 $aLondon$cOxford University Press$d1972 215 $aVIII, 162 p.$d21 cm 225 1 $aOxford paperbacks University Press$v59 676 $a941.07 700 1$aChambers,$bJ.D.$0345876 702 1$aArmstrong,$bW.A. 801 0$aIT$bUNINA$gRICA$2UNIMARC 901 $aBK 912 $a990005464700403321 952 $a941.07 CHA 1$bST.MED.MOD. 6464$fFLFBC 959 $aFLFBC 996 $aPopulation, Economy, and Society in Pre-Industrial England$9588315 997 $aUNINA LEADER 01500nam 2200385Ia 450 001 996395976903316 005 20221108045603.0 035 $a(CKB)4940000000057612 035 $a(EEBO)2240956609 035 $a(OCoLC)12498181 035 $a(EXLCZ)994940000000057612 100 $a19850906d1697 uy | 101 0 $aeng 135 $aurbn||||a|bb| 200 10$aProposals for the encouragement and promoting of religion and learning in the foreign plantations$b[electronic resource] $eand to induce such of the clergy of this kingdom, as are persons of sobriety and abilities, to accept of a mission into those parts 210 $a[London $cs.n.$dca. 1695] 215 $a4 p 300 $aCaption title. 300 $aAttributed to Thomas Bray. Cf. NUC pre-1956. 300 $aWith 6 bishops' signatures, p. 2. 300 $aPlace and date of publication from Wing. 300 $a"The present state of the Protestant religion in Mary-land" (p. 3-4) is written by Thomas Lawrence. Cf. NUC pre-1956. 300 $aReproduction of original in Huntington Library. 330 $aeebo-0113 700 $aBray$b Thomas$f1658-1730.$01001340 701 2$aLawrence$b Thomas$cSir,$fb. ca. 1645.$01003947 801 0$bEAA 801 1$bEAA 801 2$bm/c 801 2$bUMI 801 2$bWaOLN 906 $aBOOK 912 $a996395976903316 996 $aProposals for the encouragement and promoting of religion and learning in the foreign plantations$92332031 997 $aUNISA